Kúpna zmluva - nehnuteľnosti

Kúpna zmluva o prevode vlastníckeho práva k nehnuteľnostiam. Vzor kúpnej zmluvy. Návrh na vklad do katastra nehnuteľností.

Gespeichert in:
Bibliographische Detailangaben
1. Verfasser: Ulaher, Jakub
Format: Buchkapitel
Sprache:Slowakisch
Schlagworte:
Tags: Tag hinzufügen
Keine Tags, Fügen Sie das erste Tag hinzu!

MARC

LEADER 00000naa a2200000 4500
001 0279455
005 20240417075146.8
041 0 |a slo 
044 |a SK 
245 1 0 |a Kúpna zmluva - nehnuteľnosti  |c Jakub Ulaher 
520 |a Kúpna zmluva o prevode vlastníckeho práva k nehnuteľnostiam. Vzor kúpnej zmluvy. Návrh na vklad do katastra nehnuteľností. 
610 2 0 |a nehnuteľnosti 
610 2 0 |a zmluvy kúpne 
610 2 0 |a kataster nehnuteľností 
610 2 0 |a dokumenty 
610 2 0 |a právo vlastnícke 
100 1 |a Ulaher, Jakub